| 000 | 00363nam a22001457a 4500 | ||
|---|---|---|---|
| 020 | _a9788131517994 | ||
| 040 | _cNUST | ||
| 082 | _a621.31042 SRI | ||
| 100 |
_aSrivastava, R.K. _991862 |
||
| 245 | _aElectrical Machines | ||
| 250 | _a2nd edition | ||
| 260 |
_aNew Delhi: _bCengage Learning, _c2013 |
||
| 650 |
_aElectrical Machines _960655 |
||
| 942 |
_2ddc _cBK |
||
| 999 |
_c589995 _d589995 |
||